000 01376nam a22003137a 4500
003 EG-GICUC
005 20260505005120.0
008 260505s1982 ua ||||fr|||| 00| 0 ara d
017 _a1982/3977
040 _a EG-GICUC
_bara
_c EG-GICUC
_d EG-GICUC
_erda
041 _aara
082 0 4 _221
_a345.641
_bس ا . ل
092 0 4 _221
099 _aLaw1 07 345.641 س ا . ل 1982
100 1 _aسامى جمال الدين
_eAuthor.
245 1 3 _aاللوائح الإدارية وضمانة الرقابة الإدارية :
_bراسة تحليلية لسلطة الإدارة في إصدار اللوائح التنفيذية واللوائح المستقلة، ومدى سلطة القضاء في الرقابة عليها بالمقارنة مع فرنسا /
_cسامى جمال الدين
264 _aالاسكندرية :
_bمنشأة المعارف ،
_c1982
300 _a414 صفحة;
_c24 سم
_bإيضاحيات، صور، مثيليات ؛
336 _2rda content
_atext
337 _2rda media
_aComputer
338 _2rda carrier
_aOnline Resource
504 _a. 240-220 ببليوجرافيا: صفحات.
546 _aالنص باللغة العربية
650 1 _aاللوائح الإدارية
_2qrmak
651 1 _2qrmak
856 4 0 _uhttps://fll.law.cu.edu.eg/fulltext/bks/B07-03595.pdf
905 _a44
942 _2ddc
_cBK
_e21
_n0
999 _c75579
_d75579